Football and professionalism in Bhutan / (Record no. 3914)

MARC details
000 -LEADER
fixed length control field 00659nam a2200181 4500
001 - CONTROL NUMBER
control field 4712
005 - DATE AND TIME OF LATEST TRANSACTION
control field 20181127173953.0
090 00 - LOCALLY ASSIGNED LC-TYPE CALL NUMBER (OCLC); LOCAL CALL NUMBER (RLIN)
Classification number (OCLC) (R) ; Classification number, CALL (RLIN) (NR) POL.SCI CAP No.2
245 00 - TITLE STATEMENT
Title Football and professionalism in Bhutan /
Remainder of title
Statement of responsibility, etc. Student Work.
Medium
260 00 - PUBLICATION, DISTRIBUTION, ETC.
Place of publication, distribution, etc. [Thimphu] :
Name of publisher, distributor, etc. [Royal Thimphu College],
Date of publication, distribution, etc. 2015.
300 ## - PHYSICAL DESCRIPTION
Extent 27 leaves.
Other physical details
Dimensions
Accompanying material
500 ## - GENERAL NOTE
General note Student research project for BA, Political Science(Capstone Project):(2015): DOlma Roder, lecturer.
General note Spiral-bound xerographic copy.
650 ## - SUBJECT ADDED ENTRY--TOPICAL TERM
Topical term or geographic name entry element Bhutan football players.
Form subdivision
General subdivision
Chronological subdivision
Geographic subdivision
Source of heading or term
Topical term or geographic name entry element Capstone Project.
Form subdivision
General subdivision
Chronological subdivision
Geographic subdivision
Source of heading or term
Topical term or geographic name entry element Football --Coaching.
Form subdivision
General subdivision
Chronological subdivision
Geographic subdivision
Source of heading or term
Topical term or geographic name entry element Football players
Form subdivision
General subdivision
Chronological subdivision
Geographic subdivision Bhutan.
Source of heading or term
Holdings
Withdrawn status Lost status Damaged status Not for loan Collection code Home library Current library Shelving location Serial Enumeration / chronology Inventory number Total Checkouts Full call number Barcode Date last seen Price effective from Koha item type
        Student work RTC Library RTC Library Student work 7453   POL.SCI CAP No. 2STUDENT WORK 30007591 27/11/2018 27/11/2018 Student Work
Royal Thimphu College || All Right Reserved